Genshin Character Quiz - Statistics

General Stats
  • This quiz has been taken 17,388 times
    16,128 since last reset
  • The average score is 43 of 58
Answer Stats
Anemo % Correct
Raiden Shogun
96%
Zhong Li
92%
Venti
90%
Lisa
89%
Jean
88%
Kaeya
86%
Nahida
86%
Diluc
85%
Yae Miko
83%
Ayaka
82%
Itto
82%
Kazuha
82%
Amber
81%
Collei
81%
Tighnari
81%
Xiao
81%
Albedo
80%
Barbara
79%
Keqing
79%
Razor
79%
Ayato
78%
Noelle
78%
Cyno
77%
Fischl
77%
Gorou
77%
Klee
77%
Beidou
76%
Bennett
76%
Mona
76%
Ningguang
76%
Qiqi
76%
Sara
76%
Sucrose
76%
Hu Tao
75%
Childe
74%
Ganyu
74%
Chongyun
73%
Kokomi
73%
Traveler
71%
Diona
70%
Shenhe
70%
Xiangling
70%
Heizou
69%
Sayu
69%
Xingqiu
69%
Eula
68%
Yelan
67%
Yun Jin
67%
Shinobu
66%
Thoma
65%
Yanfei
64%
Xinyan
63%
Yoimiya
63%
Dori
62%
Rosaria
62%
Nilou
54%
Candace
51%
Layla
51%
No matching quizzes found
Score Distribution
Percent of People with Each Score
Percentile by Number Answered
Your Score History
You have not taken this quiz since the last reset